Histoire universelle / (Record no. 54370)

MARC details
000 -LEADER
campo de control de longitud fija 01296nam a22002175i 4500
001 - NÚMERO DE CONTROL
campo de control 54370
003 - IDENTIFICADOR DE NÚMERO DE CONTROL
campo de control ES-MaACL
005 - FECHA Y HORA DE LA ÚLTIMA TRANSACCIÓN
campo de control 20250815062601.0
007 - CAMPO FIJO DE DESCRIPCIÓN FÍSICA--INFORMACIÓN GENERAL
campo de control de longitud fija t|
008 - DATOS DE LONGITUD FIJA--INFORMACIÓN GENERAL
campo de control de longitud fija 960718m18811904fr ||||1| fre d
040 ## - FUENTE DE CATALOGACIÓN
Centro catalogador/agencia de origen CAM
Lengua de catalogación spa
Centro/agencia transcriptor CAM
100 1# - ENTRADA PRINCIPAL--NOMBRE DE PERSONA
Nombre de persona Fontane, Marius.
9 (RLIN) 51610
245 10 - MENCIÓN DEL TÍTULO
Título Histoire universelle /
Mención de responsabilidad, etc. Marius Fontane.
260 ## - PUBLICACIÓN, DISTRIBUCIÓN, ETC.
Lugar de publicación, distribución, etc. Paris :
Nombre del editor, distribuidor, etc. Alphonse Lemerre :
-- [s.a.],
Fecha de publicación, distribución, etc. 1881-1904.
300 ## - DESCRIPCIÓN FÍSICA
Extensión 13 v. ;
Dimensiones 22 cm.
500 ## - NOTA GENERAL
Nota general Falta el vol. 14 ("La Renaissance, de 1250 áa 1516") publicado en 1910.
505 8# - NOTA DE CONTENIDO CON FORMATO
Nota de contenido con formato Contiene: V. 1. Inde vedique (de 1800 áa 800 av. J.-C.) -- v. 2. Les Iraniens (de 2500 áa 800 av. J.-C.) -- v. 3. Les Egyptes (de 5000 áa 750 av. J.-C.) -- v. 4. Les Asiatiques (de 4000 áa 559 av. J.-C.) -- v. 5. La Grèce (de 1300 áa 480 av. J.-C.) -- v. 6. Athènes (de 480 áa 336 av. J.-C.) -- v. 7. Rome (de 754 áa 63 av. J.-C.) -- v. 8. Le Christianisme (de 67 av. J.-C. áa 117 ap. J.-C.) -- v. 9. Les Barbares (de 117 áa 395 ap. J.-C.) -- v. 10. Mahomet (de 395 áa 632 ap. J.-C.) -- v. 11. La Papauté, Charlemagne (de 632 áa 877 ap. J.-C.) -- v. 12. L'Europe (de 872 áa 1122 ap. J.-C.) -- v. 13. Les Croisades (de 1096 áa 1327 ap. J.-C.)
650 #7 - PUNTO DE ACCESO ADICIONAL DE MATERIA--TÉRMINO DE MATERIA
Término de materia o nombre geográfico como elemento de entrada Historia universal
Fuente del encabezamiento o término embne
9 (RLIN) 13429
852 ## - LOCALIZACIÓN
Ubicación ES-MaACL
Número de control de estantería D-568-80
Holdings
Estatus retirado Estado de pérdida Estado de daño No para préstamo Colección Biblioteca de origen Biblioteca actual Ubicación en estantería Fecha de adquisición Fuente de adquisición Total de préstamos Signatura topográfica completa Código de barras Visto por última vez Precio de reemplazo Tipo de ítem Koha
        Libros del s. XIX Biblioteca del Ateneo de Madrid Biblioteca del Ateneo de Madrid Sala Valle Inclán 17/01/2008     D-568-80 901057133 23/02/2023 23/02/2023 Libro impreso antiguo